000 00473cam a2200181 4500
001 D5201
008 090401t1982 xxu||||| |||| 00| 0 eng d
035 _a(Sirsi) u39231
041 _aeng
050 _a333.337
110 _aGreene Belfield-Smith and Company
_91572
245 _aTrends in hotel sales and profits 1975 - 1981
260 _aLondon
_bGreene Belfield-Smith and Company
_c1982
300 _a14p. 21cm
350 _a10
942 _n0
948 _c04/03/1997
999 _c90756
_d90756